000
00300nam a2200145Ia 4500
100
_a
Anshuman Kit
650
_a
Automobiles
942
_c
BK
654
_a
Instruction manual
245
_a
Instruction Manual S1/V 51
260
_b
XEROX
082
_a
5.43
_b
PAN
546
_a
ENGLISH
999
_c
26450
_d
26450